| 000 | 01428nam0a2200361 4500 | ||
|---|---|---|---|
| 001 | RU\NLR\bibl\735749 | ||
| 005 | 20260405213841.0 | ||
| 010 |
_a5-17-023634-4 _bАСТ |
||
| 010 |
_a5-9578-0838-5 _bТранзиткнига _93000 |
||
| 021 |
_aRU _b2004-57105 _92811 |
||
| 035 | _aRSL-KNO-002478824 | ||
| 035 | _a(NLR Aleph) 000725673 | ||
| 090 |
_a730702 _c730702 |
||
| 100 | _a20040921d2004 |||y0rusy50 ca | ||
| 101 | 1 |
_arus _ceng |
|
| 102 | _aRU | ||
| 105 | _ay ||||||||| | ||
| 106 | _ar | ||
| 200 | 1 |
_aМагия менеджмента _fДжон Миклтуэйт и Адриан Вулдридж _g[пер. с англ. М. Изместьева] |
|
| 210 |
_aМ. _cАСТ _cТранзиткнига _d2004 _eМинск : ОАО Полигр. ком. им. Я. Коласа |
||
| 215 |
_a414, [1] с. _d21 |
||
| 606 | 0 |
_aМенеджмент _91566100 _3RU\NLR\auth\66685658 |
|
| 610 | 0 | _aЭкономика -- Капиталистические страны -- Управление -- Менеджмент | |
| 686 |
_aУ821.2,0 _2rubbk |
||
| 686 | _aУ21(0) | ||
| 700 | 1 |
_4070 _8rus _7ca _aМайклтуэйт _bД. _gДжон _3RU\NLR\auth\7796845 _979771 |
|
| 701 | 1 |
_4070 _8rus _7ca _aВулдридж _bА. _gАдриан _3RU\NLR\auth\7796846 _979772 |
|
| 801 | 0 |
_aRU _bRuMoRKP _c20040921 _grcr |
|
| 801 | 1 |
_aRU _bRuMoRGB _c20040921 |
|
| 801 | 2 |
_aRU _bNLR _c20050316 _gPSBO |
|
| 942 | _cBOOK | ||
| 980 | _aNB | ||